| Tag |
First Indicator |
Second Indicator |
Subfields |
| LEADER |
00000cas a2200000 a 4500 |
| 001 |
in00004453739 |
| 005 |
20191202121001.0 |
| 008 |
751014d19741986wiuar1 b 1 a0eng |
| 010 |
|
|
|a 75002527
|
| 019 |
|
|
|a 02271466
|a 02255555
|
| 022 |
0 |
|
|a 0098-3543
|
| 030 |
|
|
|a PAMDDZ
|
| 035 |
|
|
|a (OCoLC)02240321
|
| 040 |
|
|
|a DLC
|c DLC
|d NSD
|d OCL
|d m.c.
|d SER
|d OCL
|d RCS
|d NSD
|d OCL
|d NST
|d DLC
|d CAS
|d NST
|d TMV
|d UtOrBLW
|
| 042 |
|
|
|a lc
|a nsdp
|
| 043 |
|
|
|a n-us---
|
| 049 |
|
|
|a [Shelved] [by Title] TMVM
|
| 050 |
0 |
0 |
|a SF771
|b .A53a
|
| 060 |
0 |
0 |
|a W1 PR584RV
|
| 069 |
1 |
|
|a P29320000
|
| 096 |
|
|
|a x
|
| 210 |
0 |
|
|a Proc. annu. meet. - Am. Assoc. Vet. Lab. Diagn.
|
| 222 |
|
0 |
|a Proceedings of annual meeting - American Association of Veterinary Laboratory Diagnosticians
|
| 245 |
0 |
0 |
|a Proceedings of ... annual meeting /
|c American Association of Veterinary Laboratory Diagnosticians.
|
| 246 |
1 |
0 |
|a Proceedings, annual meeting of the American Association of Veterinary Laboratory Diagnosticians
|
| 246 |
1 |
0 |
|a American Association of Veterinary Laboratory Diagnosticians proceedings, annual meeting
|
| 264 |
|
1 |
|a [Madison, Wis.] :
|b [American Association of Veterinary Laboratory Diagnosticians],
|c [©1975-©1987]
|
| 300 |
|
|
|a 18 volumes :
|b illustrations, portraits ;
|c 23 cm.
|
| 310 |
|
|
|a Annual
|
| 336 |
|
|
|a text
|2 rdacontent
|b txt
|
| 337 |
|
|
|a unmediated
|2 rdamedia
|
| 338 |
|
|
|a volume
|2 rdacarrier
|b nc
|
| 362 |
0 |
|
|a 17th (Oct. 13, 14, 15, 1974)-29th (Oct. 19-21, 1986).
|
| 500 |
|
|
|a Proceedings for 12th-16th (1969-73) issued in Proceedings, annual meeting of the United States Animal Health Association.
|
| 500 |
|
|
|a Description based on 17th (Oct. 13, 14, 15, 1974); title from cover.
|
| 650 |
|
2 |
|a Laboratory Techniques and Procedures.
|
| 650 |
|
2 |
|a Veterinary Medicine.
|
| 655 |
|
2 |
|a Congresses.
|
| 710 |
2 |
|
|a American Association of Veterinary Laboratory Diagnosticians.
|b Meeting.
|
| 710 |
2 |
|
|a United States Animal Health Association. Meeting.
|t Proceedings, ... annual meeting of the United States Animal Health Association.
|
| 787 |
1 |
|
|a United States Animal Health Association. Meeting.
|t Proceedings, ... annual meeting of the United States Animal Health Association
|x 0082-8750
|w (DLC) 87642312
|w (OCoLC)1768729
|g 1969-73
|
| 999 |
f |
f |
|s 8fae2838-2c8a-3ce6-b7ca-72a77e0e0f1f
|i ecce17fd-edb3-3aa0-9153-ec72d9c06e76
|t 0
|
| 952 |
f |
f |
|p ric
|a Texas A&M University
|b Rellis Campus
|c Joint Library Facility
|d Remote Storage
|t 0
|e Shelved by Title
|h Other scheme
|i unmediated -- volume
|k 26th
|l 1983
|m 3238901971213
|
| 952 |
f |
f |
|p ric
|a Texas A&M University
|b Rellis Campus
|c Joint Library Facility
|d Remote Storage
|t 0
|e Shelved by Title
|h Other scheme
|i unmediated -- volume
|k 29th
|l 1986
|m 3238901971246
|
| 952 |
f |
f |
|p ric
|a Texas A&M University
|b Rellis Campus
|c Joint Library Facility
|d Remote Storage
|t 0
|e Shelved by Title
|h Other scheme
|i unmediated -- volume
|k 28th
|l 1985
|m 3238901971235
|
| 952 |
f |
f |
|p ric
|a Texas A&M University
|b Rellis Campus
|c Joint Library Facility
|d Remote Storage
|t 0
|e Shelved by Title
|h Other scheme
|i unmediated -- volume
|k 21st
|l 1978
|m 3238901971145
|
| 952 |
f |
f |
|p ric
|a Texas A&M University
|b Rellis Campus
|c Joint Library Facility
|d Remote Storage
|t 0
|e Shelved by Title
|h Other scheme
|i unmediated -- volume
|k 17th
|l 1974
|m 3238901971101
|
| 952 |
f |
f |
|p ric
|a Texas A&M University
|b Rellis Campus
|c Joint Library Facility
|d Remote Storage
|t 0
|e Shelved by Title
|h Other scheme
|i unmediated -- volume
|k 24th
|l 1981
|m 3238901971178
|
| 952 |
f |
f |
|p ric
|a Texas A&M University
|b Rellis Campus
|c Joint Library Facility
|d Remote Storage
|t 0
|e Shelved by Title
|h Other scheme
|i unmediated -- volume
|k 20th
|l 1977
|m 323890197119A
|
| 952 |
f |
f |
|p ric
|a Texas A&M University
|b Rellis Campus
|c Joint Library Facility
|d Remote Storage
|t 0
|e Shelved by Title
|h Other scheme
|i unmediated -- volume
|k 19th
|l 1976
|m 3238901971189
|
| 952 |
f |
f |
|p ric
|a Texas A&M University
|b Rellis Campus
|c Joint Library Facility
|d Remote Storage
|t 0
|e Shelved by Title
|h Other scheme
|i unmediated -- volume
|k 25th
|l 1982
|m 3238901971202
|
| 952 |
f |
f |
|p ric
|a Texas A&M University
|b Rellis Campus
|c Joint Library Facility
|d Remote Storage
|t 0
|e Shelved by Title
|h Other scheme
|i unmediated -- volume
|k 23rd
|l 1980
|m 3238901971167
|
| 952 |
f |
f |
|p ric
|a Texas A&M University
|b Rellis Campus
|c Joint Library Facility
|d Remote Storage
|t 0
|e Shelved by Title
|h Other scheme
|i unmediated -- volume
|k 18th
|l 1975
|m 3238901971112
|
| 952 |
f |
f |
|p ric
|a Texas A&M University
|b Rellis Campus
|c Joint Library Facility
|d Remote Storage
|t 0
|e Shelved by Title
|h Other scheme
|i unmediated -- volume
|k 22nd
|l 1979
|m 3238901971156
|
| 952 |
f |
f |
|p ric
|a Texas A&M University
|b Rellis Campus
|c Joint Library Facility
|d Remote Storage
|t 0
|e Shelved by Title
|h Other scheme
|i unmediated -- volume
|k 27th
|l 1984
|m 3238901971224
|
| 998 |
f |
f |
|a Shelved by Title
|s 17th(1974:Oct.13-15)-29th(1986:Oct.19-21)
|t 0
|l Remote Storage
|